000 00403 a2200133 4500
001 87661
082 _aPR 38
090 _c41119
_d41119
100 _aFarhad Ali, PIA Off 4148 70(B) EC
245 _aDesign and development of Anomaly Detection Scheme for manets in NS2
260 _aRisalpur
_bCAE PAF Academy Risalpur
_c2011
300 _axii, 66p.
_eNauman Mazhar, Wg Cdr
500 _aBE Project Reports
942 _aCAE NUST
_kPR 38
999 _c322734
_d322734